| 000 -LEADER |
| fixed length control field |
03515cam a2200433 a 4500 |
| 001 - CONTROL NUMBER |
| control field |
16997496 |
| 003 - CONTROL NUMBER IDENTIFIER |
| control field |
OSt |
| 005 - DATE AND TIME OF LATEST TRANSACTION |
| control field |
20210417110732.0 |
| 008 - FIXED-LENGTH DATA ELEMENTS--GENERAL INFORMATION |
| fixed length control field |
111012s2012 nyua 000 0 eng |
| 010 ## - LIBRARY OF CONGRESS CONTROL NUMBER |
| LC control number |
2011042047 |
| 020 ## - INTERNATIONAL STANDARD BOOK NUMBER |
| International Standard Book Number |
9781439127704 (hbk.) |
| 020 ## - INTERNATIONAL STANDARD BOOK NUMBER |
| Canceled/invalid ISBN |
9781439148716 (ebook) |
| 020 ## - INTERNATIONAL STANDARD BOOK NUMBER |
| International Standard Book Number |
1439127700 (hbk.) |
| 035 ## - SYSTEM CONTROL NUMBER |
| System control number |
(OCoLC)ocn741542754 |
| 040 ## - CATALOGING SOURCE |
| Original cataloging agency |
DLC |
| Language of cataloging |
eng |
| Transcribing agency |
DLC |
| Modifying agency |
IG# |
| -- |
BTCTA |
| -- |
YDXCP |
| -- |
BDX |
| -- |
UPZ |
| -- |
JTH |
| -- |
ABG |
| -- |
VP@ |
| -- |
DLC |
| 042 ## - AUTHENTICATION CODE |
| Authentication code |
pcc |
| 043 ## - GEOGRAPHIC AREA CODE |
| Geographic area code |
n-us--- |
| 050 00 - LIBRARY OF CONGRESS CALL NUMBER |
| Classification number |
JK511 |
| Item number |
.G53 2012 |
| 080 ## - UNIVERSAL DECIMAL CLASSIFICATION NUMBER |
| Universal Decimal Classification number |
94 |
| Item number |
G-43 |
| 082 00 - DEWEY DECIMAL CLASSIFICATION NUMBER |
| Classification number |
973.92092/2 |
| Edition number |
23 |
| 100 1# - MAIN ENTRY--PERSONAL NAME |
| Personal name |
Gibbs, Nancy, |
| Dates associated with a name |
1960- |
| 245 14 - TITLE STATEMENT |
| Title |
The presidents club : |
| Remainder of title |
inside the world's most exclusive fraternity / |
| Statement of responsibility, etc. |
Nancy Gibbs and Michael Duffy. |
| 250 ## - EDITION STATEMENT |
| Edition statement |
1st Simon & Schuster hardcover ed. |
| 260 ## - PUBLICATION, DISTRIBUTION, ETC. |
| Place of publication, distribution, etc. |
New York : |
| Name of publisher, distributor, etc. |
Simon & Schuster, |
| Date of publication, distribution, etc. |
2012. |
| 300 ## - PHYSICAL DESCRIPTION |
| Extent |
vii, 641 p. : |
| Other physical details |
ill. ; |
| Dimensions |
25 cm. |
| 365 ## - TRADE PRICE |
| Price amount |
32.50 usd |
| 504 ## - BIBLIOGRAPHY, ETC. NOTE |
| Bibliography, etc. note |
Includes bibliographical references (p. 531-609). |
| 505 0# - FORMATTED CONTENTS NOTE |
| Formatted contents note |
Truman and Hoover : the return of the exile. "I'm not big enough for this job" ; "Our exclusive trade union" -- Eisenhower and Truman : careful courtship, bitter breakup. :The news hounds are trying to drive a wedge between us" ; "The man is a congenital liar" -- Kennedy and his club : the hazing. "He had no idea of the complexity of the job" ; "The worse I do, the more popular I get" ; "How about coming in for a drink?" -- Johnson and Eisenhower : blood brothers. "The country is far more important than any of us" ; "I need your counsel, and I love you" -- Nixon and Reagan : the California boys. "You'll have my promise-- I'll speak no evil" -- Johnson and Nixon : two scorpions in a bottle. "This is treason" ; "I want to go; God take me" -- Nixon and Johnson : brotherhood and blackmail. "I want the break-in" -- Nixon and Ford : mercy at all costs. "I had to get the monkey off my back" -- Ford and Reagan : the family feud. "It burned the hell out of me" -- Nixon, Ford, and Carter : three men and a funeral. "Why don't we make it just Dick, Jimmy, and Jerry?" -- Reagan and Nixon : the exile returns. "I am yours to command" -- Bush and Nixon : no good deed goes unpunished. "I'm convinced-- he feels I'm soft" -- Bush and Carter : the missionary goes rogue. "I am a better ex-president that I was a president" -- Six presidents : the golden age of the club. "The guy knows how the game is played" ; "I'm sending Carter. You think it will be OK, don't you" ; "Bill, I think you have to admit that you lied" -- Bush and Clinton : the rascal and the rebel. "He's never forgiven me for beating his father" -- Bush and Bush : father and son. "I love you more than tongue can tell" ; "Tell 41 and 42 that 43 is hungry" -- Obama and his club : the learning curve. "We want you to succeed." |
| 520 ## - SUMMARY, ETC. |
| Summary, etc. |
Examines presidential power within the context of U.S. history and the ongoing relationships presidents and ex-presidents formed with one another. |
| 650 #0 - SUBJECT ADDED ENTRY--TOPICAL TERM |
| Topical term or geographic name entry element |
Presidents |
| Geographic subdivision |
United States |
| General subdivision |
History. |
| 650 #0 - SUBJECT ADDED ENTRY--TOPICAL TERM |
| Topical term or geographic name entry element |
Ex-presidents |
| Geographic subdivision |
United States |
| General subdivision |
History. |
| 653 ## - INDEX TERM--UNCONTROLLED |
| Uncontrolled term |
ისტორია |
| 653 ## - INDEX TERM--UNCONTROLLED |
| Uncontrolled term |
ამერიკის შეერთებული შტატები |
| 653 ## - INDEX TERM--UNCONTROLLED |
| Uncontrolled term |
პრეზიდენტები |
| 700 1# - ADDED ENTRY--PERSONAL NAME |
| Personal name |
Duffy, Michael, |
| Dates associated with a name |
1958- |
| 906 ## - LOCAL DATA ELEMENT F, LDF (RLIN) |
| a |
7 |
| b |
cbc |
| c |
orignew |
| d |
1 |
| e |
ecip |
| f |
20 |
| g |
y-gencatlg |
| 942 ## - ADDED ENTRY ELEMENTS (KOHA) |
| Source of classification or shelving scheme |
|
| Koha item type |
Books |